000 00901nas a2200289 4500
001 BR2014000443
003 BR-BrBNA
005 20231205123615.0
007 ta
008 230509b bl.|||p| |||| 00| 00por d
040 _aBR-BrBNA
_bpor
_cBiblioteca Nacional de Agricultura
041 _a(Pt)
072 _aF61
100 1 _aGonçalves, J.F. de C.
100 1 _aMelo, E.G. de F.
100 1 _aSilva, C.E.M. da
100 1 _aFerreira, M.J.
100 1 _aJustino, G.C.
245 1 _aEstratégias no uso da energia luminosa por plantas jovens de Genipa spruceana Steyerm submetidas ao alagamento
650 _aJENIPAPO
650 _aALAGAMENTO
650 _aCLOROFILA
650 _aENERGIA LUMINOSA
773 0 _tActa Botanica Brasilica (Brazil)
_xISSN 0102-3306
_g(Apr-Jun 2012), v. 26(2) p. 391-398
_wBR2014000443
909 _a202311
_bLúcia
_c55
_dLúcia Elande
942 _2AGRIS
_n0
_cANA
999 _c234761
_d234761